00944cam a22002171 4500001001300000003000400013005001700017008004100034010001700075035002000092040002600112042001200138050001700150060002400167110004300191245034000234260004600574300002500620500006400645999001700709ca 17000520 DLC20260227111102.0810622s1900 xx ac 000 0 eng  aca 17000520  a(OCoLC)14804303 aDLCcDNLMdOCoLCdDLC apremarc00aHG9243b.W250 aHG 9243bW253o 19002 aWar Department Beneficial Association.10aOfficial manual and constitution book of the War department beneficial association,bcontaining: constitution, by-laws, history of association, benefits derived therefrom, portraits and biographical sketches of the heads of various departments, bureaux or offices and other interesting matter relating to the War department, army, etc. aWashington, D.C.,bWar department,c1900. a152 p.bill., ports. aAdvertising matter interspersed; p. 86-152, advertisements. c14962d14962